000 00625nam a22001817a 4500
003 UA-OsUOA
001 14989
007 ta
008 20031027b un ||||| |||| 00| 0 ukr d
100 _aБасараба В.
942 _cSA
040 _aUA-OsUOA
_cUA-OsUOA
_dUA-OsUOA
245 _aЗаслуговує на вдячну пам'ять: [Видатна діяльність княгині М.Несвіцької для розбудови м.Рівного]
300 _aС.7
955 _a0
773 0 _w0
_tВільне слово
_dРівне
_d2003
_g№65/20 серп./
650 7 _aВидатні діячі
_2UDC
999 _c301154
_d301154